[Event "Titled Tuesday intern op 03rd Jan Late"]
[Site "Chess.com INT"]
[Date "2025.06.03"]
[Round "5"]
[White "Alazmi, Amani"]
[Black "Ambrogi, Agustin Tomas"]
[Result "0-1"]
[WhiteElo "1725"]
[BlackElo "2237"]
[PlyCount "116"]
[EventDate "2025.06.03"]
[EventType "swiss (blitz)"]
[EventRounds "11"]
[EventCountry "USA"]
[SourceTitle "CB24_2025"]
[SourceDate "2025.06.11"]
[SourceVersion "1"]
[SourceVersionDate "2025.06.11"]
[SourceQuality "1"]

1. c4 e5 2. g3 d6 3. Bg2 c5 4. Nc3 g6 5. e3 Bg7 6. Nge2 Ne7 7. 0-0 Nbc6 8. d4 exd4 9. exd4 cxd4 10. Nb5 0-0 11. Nbxd4 Bg4 12. h3 Nxd4 13. hxg4 Nec6 14. Nxd4 Nxd4 15. Bxb7 Rb8 16. Bg2 Qf6 17. Be3 Rxb2 18. Rb1 Ne2+ 19. Kh2 Nc3 20. Qd3 Nxb1 21. Rxb1 Rxa2 22. g5 Qf5 23. Be4 Rxf2+ 24. Bxf2 Qxf2+ 25. Bg2 Be5 26. Rf1 Qd4 27. Qxd4 Bxd4 28. Rd1 Be5 29. Rd5 Rc8 30. Ra5 Bd4 31. Rd5 Bc5 32. Bh3 Rb8 33. Rd2 a5 34. Rc2 a4 35. Bg2 a3 36. Be4 Rb2 37. Rxb2 axb2 38. Kg2 Be3 39. Kf3 Bxg5 40. Kg4 Bf6 41. Kf3 Be5 42. Bd3 f5 43. g4 fxg4+ 44. Kxg4 Kg7 45. Kg5 Bf6+ 46. Kg4 h5+ 47. Kh3 g5 48. Kg2 g4 49. Kg3 Bg5 50. Be4 Kf6 51. Bh7 Bd2 52. Bd3 Kg5 53. Kg2 h4 54. c5 dxc5 55. Kf1 h3 56. Kf2 Kf4 57. Kg1 g3 58. Bf1 b1Q 0-1

[Event "Titled Tuesday intern op 03rd Jan Late"]
[Site "Chess.com INT"]
[Date "2025.06.03"]
[Round "2"]
[White "Alazmi, Amani"]
[Black "Makaraci, Tunahan"]
[Result "0-1"]
[WhiteElo "1725"]
[BlackElo "2233"]
[PlyCount "76"]
[EventDate "2025.06.03"]
[EventType "swiss (blitz)"]
[EventRounds "11"]
[EventCountry "USA"]
[SourceTitle "CB24_2025"]
[SourceDate "2025.06.11"]
[SourceVersion "1"]
[SourceVersionDate "2025.06.11"]
[SourceQuality "1"]

1. c4 e6 2. e4 d5 3. cxd5 exd5 4. exd5 Nf6 5. Nc3 Nxd5 6. Bc4 c6 7. Nf3 Bg4 8. Be2 Be7 9. 0-0 0-0 10. h3 Bh5 11. d4 Na6 12. Ne5 Bxe2 13. Qxe2 Nac7 14. Re1 Bb4 15. Bd2 Ne6 16. Qg4 f5 17. Qe2 Nxd4 18. Qc4 Bxc3 19. Bxc3 Nc2 20. Re3 Ncxe3 21. fxe3 Qg5 22. Bd2 Rfe8 23. Nf3 Qf6 24. Bc3 Qe6 25. Re1 Rad8 26. Ng5 Qg6 27. h4 h6 28. Nf3 Qg4 29. Qb3 Kh7 30. Be5 Qe4 31. Qxb7 Rxe5 32. Nxe5 Qxe5 33. Qxc6 Nxe3 34. Qf3 f4 35. g3 Qd4 36. gxf4 Nc2+ 37. Qf2 Qxf2+ 38. Kxf2 Nxe1 0-1

[Event "Titled Tuesday intern op 03rd Jan Late"]
[Site "Chess.com INT"]
[Date "2025.06.03"]
[Round "8"]
[White "Alazmi, Amani"]
[Black "Ngo, Quang Thai"]
[Result "1-0"]
[WhiteElo "1725"]
[BlackElo "2341"]
[PlyCount "39"]
[EventDate "2025.06.03"]
[EventType "swiss (blitz)"]
[EventRounds "11"]
[EventCountry "USA"]
[SourceTitle "CB24_2025"]
[SourceDate "2025.06.11"]
[SourceVersion "1"]
[SourceVersionDate "2025.06.11"]
[SourceQuality "1"]

1. c4 e6 2. e4 c5 3. Nf3 Nc6 4. d4 cxd4 5. Nxd4 Nf6 6. Nc3 Bb4 7. Nxc6 bxc6 8. Bd2 e5 9. Bd3 0-0 10. 0-0 d6 11. Qa4 Qb6 12. Be3 Bc5 13. Bxc5 Qxc5 14. a3 Be6 15. Rac1 Qb6 16. b4 Rfc8 17. c5 dxc5 18. bxc5 Qxc5 19. Nd5 Qxc1 20. Nxf6+ 1-0

[Event "Titled Tuesday intern op 03rd Jan Late"]
[Site "Chess.com INT"]
[Date "2025.06.03"]
[Round "9"]
[White "Jasinski, Alexander"]
[Black "Alazmi, Amani"]
[Result "1-0"]
[WhiteElo "1964"]
[BlackElo "1725"]
[PlyCount "137"]
[EventDate "2025.06.03"]
[EventType "swiss (blitz)"]
[EventRounds "11"]
[EventCountry "USA"]
[SourceTitle "CB24_2025"]
[SourceDate "2025.06.11"]
[SourceVersion "1"]
[SourceVersionDate "2025.06.11"]
[SourceQuality "1"]

1. d4 d5 2. c4 e6 3. Nf3 Nf6 4. g3 Be7 5. Bg2 0-0 6. 0-0 c6 7. b3 Nbd7 8. Bb2 b6 9. e3 Bb7 10. Nbd2 Rc8 11. Rc1 c5 12. Qe2 Ba6 13. Rfd1 Bb7 14. Ne5 Bd6 15. Nxd7 Qxd7 16. dxc5 Bxc5 17. Bxf6 gxf6 18. cxd5 exd5 19. Nf3 Qg4 20. h3 Qh5 21. g4 Qh6 22. Nd4 Bxd4 23. Rxc8 Rxc8 24. Rxd4 Rc1+ 25. Kh2 Qg5 26. Rf4 Qe5 27. Qf3 Rc7 28. Qg3 Re7 29. h4 Kh8 30. Kh3 Bc8 31. Kh2 Bb7 32. Rd4 Qe6 33. Qb8+ Kg7 34. Qf4 Qe5 35. Kg3 Rd7 36. g5 Qxf4+ 37. Kxf4 fxg5+ 38. hxg5 f6 39. gxf6+ Kxf6 40. Bh3 Rd8 41. Kg3 Rg8+ 42. Kf3 Ke5 43. Ke2 Rg1 44. Rh4 Rg7 45. Rh5+ Kd6 46. Kd3 Ba6+ 47. Kd4 Bb7 48. Rh6+ Kc7 49. Bf5 Rg1 50. Rxh7+ Kb8 51. Rh8+ Kc7 52. f4 Rd1+ 53. Ke5 Re1 54. Rh7+ Kb8 55. Rh3 Ra1 56. Kd6 a6 57. Rh8+ Ka7 58. Rh7 Rc1 59. Be6 Rc5 60. b4 Rc3 61. Bxd5 Rd3 62. Rxb7+ Ka8 63. Rxb6+ Ka7 64. Rb7+ Ka8 65. Re7+ Kb8 66. e4 Kc8 67. f5 Kd8 68. Ra7 Ke8 69. Ra8# 1-0

[Event "Titled Tuesday intern op 03rd Jan Late"]
[Site "Chess.com INT"]
[Date "2025.06.03"]
[Round "6"]
[White "Maklakova, Nellija"]
[Black "Alazmi, Amani"]
[Result "0-1"]
[WhiteElo "1926"]
[BlackElo "1725"]
[PlyCount "48"]
[EventDate "2025.06.03"]
[EventType "swiss (blitz)"]
[EventRounds "11"]
[EventCountry "USA"]
[SourceTitle "CB24_2025"]
[SourceDate "2025.06.11"]
[SourceVersion "1"]
[SourceVersionDate "2025.06.11"]
[SourceQuality "1"]

1. d4 d5 2. Nf3 e6 3. g3 Nf6 4. Bg2 Be7 5. c4 c6 6. 0-0 0-0 7. Nc3 Nbd7 8. b3 b6 9. Bb2 Ba6 10. c5 bxc5 11. Rc1 cxd4 12. Nxd4 Rc8 13. Na4 c5 14. Nf3 Qa5 15. Bc3 Qb5 16. Re1 c4 17. Nd4 Qb8 18. Rb1 Qc7 19. Qd2 Nc5 20. Nxc5 Bxc5 21. e4 cxb3 22. Rxb3 dxe4 23. Bxe4 Rfd8 24. Rc1 Nxe4 0-1

[Event "Titled Tuesday intern op 03rd Jan Late"]
[Site "Chess.com INT"]
[Date "2025.06.03"]
[Round "3"]
[White "Yue, Tariq"]
[Black "Alazmi, Amani"]
[Result "1-0"]
[WhiteElo "2192"]
[BlackElo "1725"]
[PlyCount "89"]
[EventDate "2025.06.03"]
[EventType "swiss (blitz)"]
[EventRounds "11"]
[EventCountry "USA"]
[SourceTitle "CB24_2025"]
[SourceDate "2025.06.11"]
[SourceVersion "1"]
[SourceVersionDate "2025.06.11"]
[SourceQuality "1"]

1. Nf3 Nf6 2. b3 g6 3. Bb2 Bg7 4. g3 0-0 5. Bg2 c5 6. 0-0 d5 7. d3 Nc6 8. Nbd2 Bd7 9. e4 d4 10. a4 e5 11. h3 Qc8 12. Kh2 Ne8 13. Ne1 f5 14. exf5 Rxf5 15. Ne4 Ne7 16. Ba3 b6 17. Bc1 Rb8 18. Bg5 Nc6 19. Qd2 Qc7 20. Nf3 Nd6 21. Nxd6 Qxd6 22. Nh4 Rf7 23. Be4 Rbf8 24. Rae1 Qe6 25. Bg2 Qd6 26. f4 exf4 27. Bxf4 Rxf4 28. Rxf4 Be5 29. Rxf8+ Kxf8 30. Qf2+ Kg8 31. Qf3 Ne7 32. Kg1 g5 33. Qa8+ Kg7 34. Nf3 Bxg3 35. Re2 h6 36. Qxa7 Kf7 37. Qb7 Bc6 38. Rxe7+ Qxe7 39. Qxc6 Qe3+ 40. Kh1 Qc1+ 41. Ng1 Bf4 42. Bd5+ Kg7 43. Qd7+ Kg6 44. Qe6+ Kh5 45. Bf3+ 1-0

[Event "Titled Tuesday intern op 20th May Late"]
[Site "Chess.com INT"]
[Date "2025.05.20"]
[Round "3"]
[White "Alazmi, Amani"]
[Black "Zavortink, Matt B"]
[Result "0-1"]
[WhiteElo "1725"]
[BlackElo "2135"]
[PlyCount "180"]
[EventDate "2025.05.20"]
[EventType "swiss (blitz)"]
[EventRounds "11"]
[EventCountry "USA"]
[SourceTitle "CB22_2025"]
[SourceDate "2025.05.28"]
[SourceVersion "1"]
[SourceVersionDate "2025.05.28"]
[SourceQuality "1"]

1. c4 Nf6 2. Nc3 g6 3. d4 Bg7 4. e4 d6 5. Nf3 0-0 6. h3 e5 7. Be3 exd4 8. Bxd4 Re8 9. Bd3 Nc6 10. Be3 Nd7 11. 0-0 Nc5 12. Bc2 Ne6 13. Nd5 Ne5 14. Nxe5 dxe5 15. Qf3 c6 16. Nc3 Nd4 17. Qd1 Be6 18. b3 Qa5 19. Bd2 Qc7 20. Be3 Rad8 21. Qc1 Qa5 22. Bd1 Bc8 23. Bd2 Qc7 24. Bg5 f6 25. Be3 Bf8 26. a3 a5 27. Na4 Be6 28. Bh6 Bxh6 29. Qxh6 Qg7 30. Qc1 Qe7 31. Nc3 Qc5 32. Rb1 Ra8 33. Qh6 Qe7 34. Qc1 Red8 35. Ne2 Kg7 36. Ng3 Qc5 37. Kh2 Qe7 38. f4 exf4 39. Qxf4 Rf8 40. Qh4 Rad8 41. Bg4 Bxg4 42. Qxg4 c5 43. Rbd1 Kh8 44. Qh4 Nc6 45. Rxd8 Nxd8 46. Rf2 Qf7 47. Qf4 Ne6 48. Qd6 Qc7 49. Qxc7 Nxc7 50. e5 Kg7 51. exf6+ Rxf6 52. Re2 Re6 53. Rf2 Re7 54. Rd2 Ne6 55. Ne4 b6 56. Nd6 Nd4 57. Rf2 Rd7 58. Nb5 Nxb5 59. cxb5 Rd3 60. Rb2 Kf6 61. a4 Ke5 62. g4 Kd5 63. Rb1 Kd4 64. Rb2 Kc3 65. Rb1 Kb4 66. Rf1 Kxb3 67. Rf4 c4 68. Rf6 c3 69. Rxb6 c2 70. Rc6 Rc3 71. Re6 c1Q 72. Re2 Rc2 73. Rg2 Rxg2+ 74. Kxg2 Kxa4 75. Kg3 Qc3+ 76. Kh4 Qf6+ 77. Kg3 Qb6 78. Kh4 Kxb5 79. Kg5 Qc7 80. Kh6 a4 81. h4 a3 82. g5 a2 83. h5 gxh5 84. g6 hxg6 85. Kg5 a1Q 86. Kh4 Qf6+ 87. Kh3 Qcc3+ 88. Kg2 Qcf3+ 89. Kg1 Qg5+ 90. Kh2 Qfg2# 0-1

[Event "Titled Tuesday intern op 20th May Late"]
[Site "Chess.com INT"]
[Date "2025.05.20"]
[Round "7"]
[White "Rossi, Maximiliano"]
[Black "Alazmi, Amani"]
[Result "0-1"]
[WhiteElo "2013"]
[BlackElo "1725"]
[PlyCount "98"]
[EventDate "2025.05.20"]
[EventType "swiss (blitz)"]
[EventRounds "11"]
[EventCountry "USA"]
[SourceTitle "CB22_2025"]
[SourceDate "2025.05.28"]
[SourceVersion "1"]
[SourceVersionDate "2025.05.28"]
[SourceQuality "1"]

1. e4 c6 2. d4 d5 3. e5 Bf5 4. h4 h6 5. Bd3 Bxd3 6. Qxd3 e6 7. Nf3 Nd7 8. 0-0 Ne7 9. Re1 Nf5 10. g3 c5 11. c3 Qb6 12. a3 Rc8 13. Nbd2 cxd4 14. cxd4 Be7 15. b4 0-0 16. Kg2 Rc7 17. Rh1 Rfc8 18. Bb2 Rc2 19. Rac1 Rxc1 20. Rxc1 Rxc1 21. Bxc1 a5 22. b5 f6 23. g4 fxe5 24. gxf5 e4 25. Nxe4 dxe4 26. Qxe4 Nf8 27. d5 Qxb5 28. fxe6 Qc5 29. Bf4 Qxa3 30. Qf5 Qb4 31. Be5 Bf6 32. Bxf6 gxf6 33. Qxf6 Qg4+ 34. Kf1 Qc4+ 35. Kg1 Qg4+ 36. Kh2 Qg6 37. Qxg6+ Nxg6 38. h5 Nf4 39. Ne5 Nxd5 40. Ng4 Kg7 41. Ne3 Ne7 42. Nc4 a4 43. Na3 Kf6 44. Kg3 Kxe6 45. Kg4 Nf5 46. Kf4 Nd6 47. Ke3 b5 48. Kd4 b4 49. Nb1 a3 0-1

[Event "Titled Tuesday intern op 25th Mar Early"]
[Site "Chess.com INT"]
[Date "2025.03.25"]
[Round "3"]
[White "Kashtanov, Ruslan"]
[Black "Alazmi, Amani"]
[Result "1-0"]
[WhiteElo "2357"]
[BlackElo "1740"]
[PlyCount "59"]
[EventDate "2025.03.25"]
[EventType "swiss (blitz)"]
[EventRounds "11"]
[EventCountry "USA"]
[SourceTitle "CB14_2025"]
[SourceDate "2024.11.01"]
[SourceVersion "1"]
[SourceVersionDate "2024.11.01"]
[SourceQuality "1"]

1. e4 e5 2. Nf3 Nc6 3. Bc4 Nf6 4. d4 exd4 5. e5 d5 6. Bb5 Bb4+ 7. c3 dxc3 8. bxc3 Bc5 9. exf6 0-0 10. fxg7 Re8+ 11. Be2 d4 12. 0-0 Bg4 13. Bb2 Qe7 14. Bb5 Ne5 15. Bxe8 Bxf3 16. gxf3 Rxe8 17. cxd4 Rd8 18. Kh1 Qh4 19. Nd2 Bxd4 20. Bxd4 Rxd4 21. Re1 Rxd2 22. Qxd2 Nxf3 23. Re8+ Kxg7 24. Qc3+ f6 25. Qxf3 Kh6 26. Qe3+ Qg5 27. Rg1 Qxe3 28. fxe3 f5 29. Re7 Kh5 30. Rxc7 1-0

[Event "Titled Tuesday intern op 25th Mar Early"]
[Site "Chess.com INT"]
[Date "2025.03.25"]
[Round "10"]
[White "Storn, Justin T"]
[Black "Alazmi, Amani"]
[Result "0-1"]
[WhiteElo "2073"]
[BlackElo "1740"]
[PlyCount "30"]
[EventDate "2025.03.25"]
[EventType "swiss (blitz)"]
[EventRounds "11"]
[EventCountry "USA"]
[SourceTitle "CB14_2025"]
[SourceDate "2024.11.01"]
[SourceVersion "1"]
[SourceVersionDate "2024.11.01"]
[SourceQuality "1"]

1. c4 c5 2. b3 g6 3. Bb2 Nf6 4. Nf3 Bg7 5. g3 0-0 6. Bg2 d6 7. 0-0 Nbd7 8. d4 cxd4 9. Nxd4 a6 10. Nc3 Rb8 11. e4 e5 12. Nc2 Nc5 13. Ne3 Be6 14. Ba3 Qc7 15. Qd3 Nxd3 0-1

[Event "Titled Tuesday intern op 11th Mar Early"]
[Site "Chess.com INT"]
[Date "2025.03.11"]
[Round "3"]
[White "Alazmi, Amani"]
[Black "Baches Garcia, Guillermo"]
[Result "0-1"]
[WhiteElo "1740"]
[BlackElo "2312"]
[PlyCount "52"]
[EventDate "2025.03.11"]
[EventType "swiss (blitz)"]
[EventRounds "11"]
[EventCountry "USA"]
[SourceTitle "CB12_2025"]
[SourceDate "2025.03.19"]
[SourceVersion "1"]
[SourceVersionDate "2025.03.19"]
[SourceQuality "1"]

1. c4 e6 2. e4 c5 3. Nf3 a6 4. d4 cxd4 5. Nxd4 Nf6 6. Nc3 Qc7 7. Bd3 Bb4 8. 0-0 Bxc3 9. bxc3 d6 10. Bg5 Nbd7 11. Rb1 h6 12. Bf4 e5 13. Nf5 exf4 14. Nxg7+ Kf8 15. Nf5 Ne5 16. Be2 Nxe4 17. Nd4 Nxc3 18. Qd2 Nxb1 19. Qxf4 Nc3 20. Bh5 Qxc4 21. h3 Be6 22. Re1 Re8 23. Bg4 Bxg4 24. hxg4 Nf3+ 25. gxf3 Rxe1+ 26. Kg2 Qf1+ 0-1

[Event "Titled Tuesday intern op 11th Mar Early"]
[Site "Chess.com INT"]
[Date "2025.03.11"]
[Round "6"]
[White "Alazmi, Amani"]
[Black "Can, Melih Kaan"]
[Result "1-0"]
[WhiteElo "1740"]
[BlackElo "2171"]
[PlyCount "57"]
[EventDate "2025.03.11"]
[EventType "swiss (blitz)"]
[EventRounds "11"]
[EventCountry "USA"]
[SourceTitle "CB12_2025"]
[SourceDate "2025.03.19"]
[SourceVersion "1"]
[SourceVersionDate "2025.03.19"]
[SourceQuality "1"]

1. Nf3 d5 2. d4 Nf6 3. g3 c5 4. e3 e6 5. Bg2 Nc6 6. 0-0 cxd4 7. exd4 Bd6 8. b3 0-0 9. Bb2 Re8 10. Nbd2 b6 11. Rc1 Bb7 12. Ne5 Nd7 13. Ndf3 f6 14. Nxc6 Bxc6 15. c4 Qe7 16. Re1 Qf7 17. Nd2 Rac8 18. Qg4 h5 19. Qd1 g6 20. h4 dxc4 21. Bxc6 Rxc6 22. Nxc4 Bc7 23. d5 exd5 24. Rxe8+ Qxe8 25. Qxd5+ Re6 26. Re1 Kf7 27. Ba3 a6 28. Bd6 Bxd6 29. Nxd6+ 1-0

[Event "Titled Tuesday intern op 11th Mar Early"]
[Site "Chess.com INT"]
[Date "2025.03.11"]
[Round "2"]
[White "Marchand, Calix"]
[Black "Alazmi, Amani"]
[Result "1-0"]
[WhiteElo "2104"]
[BlackElo "1740"]
[PlyCount "119"]
[EventDate "2025.03.11"]
[EventType "swiss (blitz)"]
[EventRounds "11"]
[EventCountry "USA"]
[SourceTitle "CB12_2025"]
[SourceDate "2025.03.19"]
[SourceVersion "1"]
[SourceVersionDate "2025.03.19"]
[SourceQuality "1"]

1. c4 c5 2. Nc3 g6 3. Nf3 Bg7 4. e3 e6 5. d4 cxd4 6. exd4 Ne7 7. Bf4 0-0 8. Nb5 Na6 9. Be2 d5 10. c5 Nf5 11. Kf1 Bd7 12. g4 Bxb5 13. Bxb5 Ne7 14. h4 Nc6 15. h5 Nc7 16. Bxc6 bxc6 17. Qd2 Nb5 18. Bh6 Qf6 19. Ne5 Nxd4 20. Bxg7 Qxg7 21. Qxd4 f6 22. Nxc6 e5 23. Qxd5+ Kh8 24. hxg6 Qxg6 25. Qf3 e4 26. Qf5 Qxf5 27. gxf5 Rac8 28. Ne7 Rxc5 29. Ng6+ Kg7 30. Nxf8 Kxf8 31. Rxh7 Rxf5 32. Ke2 Rg5 33. Rc1 Kg8 34. Rxa7 Kh8 35. Rc8+ Rg8 36. Rxg8+ Kxg8 37. Ke3 f5 38. Kf4 e3 39. fxe3 Kf8 40. Kxf5 Ke8 41. Ke6 Kd8 42. b4 Kc8 43. b5 Kb8 44. b6 Kc8 45. a4 Kb8 46. a5 Kc8 47. a6 Kb8 48. Kd6 Kc8 49. e4 Kd8 50. e5 Ke8 51. e6 Kf8 52. Ra8+ Kg7 53. e7 Kf6 54. e8Q Kf5 55. Qe7 Kf4 56. Re8 Kg4 57. Qf8 Kg5 58. Re7 Kg6 59. Rg7+ Kh5 60. Qh8# 1-0

[Event "Titled Tuesday intern op 11th Mar Late"]
[Site "Chess.com INT"]
[Date "2025.03.11"]
[Round "5"]
[White "Torales G, Ivan Alejandro B"]
[Black "Alazmi, Amani"]
[Result "1-0"]
[WhiteElo "2072"]
[BlackElo "1740"]
[PlyCount "139"]
[EventDate "2025.03.11"]
[EventType "swiss (blitz)"]
[EventRounds "11"]
[EventCountry "USA"]
[SourceTitle "CB12_2025"]
[SourceDate "2025.03.19"]
[SourceVersion "1"]
[SourceVersionDate "2025.03.19"]
[SourceQuality "1"]

1. e4 c5 2. Nf3 g6 3. c3 d6 4. d4 cxd4 5. cxd4 Nd7 6. Nc3 Bg7 7. Bc4 Ngf6 8. 0-0 0-0 9. Bf4 Nb6 10. Bb3 Nh5 11. Be3 Nf6 12. Qd2 Ng4 13. Bf4 Bd7 14. h3 Nf6 15. Bh6 Rc8 16. Qg5 Nc4 17. Qh4 e5 18. Bxc4 Rxc4 19. dxe5 dxe5 20. Nxe5 Rc5 21. Nxd7 Qxd7 22. Bxg7 Kxg7 23. Rad1 Qe6 24. Rfe1 Rh5 25. Qf4 Re8 26. Rd6 Qe7 27. Red1 Nxe4 28. Rd7 Qf6 29. Qxf6+ Nxf6 30. Rxb7 Ra5 31. a3 Ra6 32. Kf1 h5 33. Nb5 Rb6 34. Rxb6 axb6 35. Rd6 Rb8 36. Rc6 Ne4 37. Ke2 f5 38. f3 Ng3+ 39. Kf2 h4 40. Rc7+ Kh6 41. Nd6 g5 42. Nf7+ Kg6 43. Ne5+ Kf6 44. Nd7+ Ke6 45. Nxb8 Kd6 46. Rd7+ Ke5 47. Rb7 Kd6 48. Rxb6+ Kc7 49. Rb4 f4 50. Na6+ Kc6 51. Nb8+ Kc7 52. a4 Nh1+ 53. Kg1 Ng3 54. a5 Ne2+ 55. Kf2 Nc1 56. Rc4+ Kxb8 57. Rxc1 Ka7 58. Rc5 Ka6 59. Rxg5 Ka7 60. b4 Ka8 61. b5 Kb7 62. Rg6 Kc8 63. b6 Kb7 64. Ke2 Ka6 65. Kd3 Kb7 66. Kc4 Ka6 67. Kb4 Kb7 68. Kb5 Ka8 69. a6 Kb8 70. Rg8# 1-0

[Event "Titled Tuesday intern op 04th Feb Late"]
[Site "Chess.com INT"]
[Date "2025.02.04"]
[Round "1"]
[White "Alazmi, Amani"]
[Black "Talghader, John"]
[Result "1-0"]
[WhiteElo "1667"]
[BlackElo "1965"]
[PlyCount "141"]
[EventDate "2025.02.04"]
[EventType "swiss (blitz)"]
[EventRounds "11"]
[EventCountry "USA"]
[SourceTitle "CB07_2025"]
[SourceDate "2025.02.12"]
[SourceVersion "1"]
[SourceVersionDate "2025.02.12"]
[SourceQuality "1"]

1. c4 e5 2. g3 Nf6 3. Bg2 c6 4. d4 e4 5. d5 cxd5 6. cxd5 Qa5+ 7. Nc3 Bb4 8. Bd2 0-0 9. Nxe4 Nxe4 10. Bxe4 Na6 11. Nf3 d6 12. 0-0 Bh3 13. Re1 f5 14. Bd3 Qxd5 15. b3 Kh8 16. Bxa6 Bxd2 17. Bc4 Qc6 18. Qxd2 Rae8 19. Qd5 Qc7 20. Rad1 Rd8 21. Ng5 Bg4 22. Ne6 Qe7 23. Nxf8 Qxf8 24. Qxb7 f4 25. Bd5 fxg3 26. fxg3 Qf6 27. Rf1 Qe5 28. Bf3 Qe3+ 29. Kg2 Be6 30. Qe4 Qh6 31. Qf4 Qg6 32. Kg1 d5 33. Rd2 h6 34. Rfd1 Qf6 35. Qxf6 gxf6 36. Bxd5 Bh3 37. Bg2 Rxd2 38. Rxd2 Be6 39. Bd5 Bf5 40. e4 Bg6 41. Rf2 Kg7 42. Rc2 Be8 43. Rc7+ Kg6 44. Rxa7 h5 45. Re7 Bb5 46. a4 Bd3 47. b4 f5 48. exf5+ Bxf5 49. Be4 Kf6 50. Re8 Bh3 51. b5 h4 52. gxh4 Kf7 53. Re5 Kf6 54. Rc5 Kg7 55. Bg2 Be6 56. b6 Bb3 57. a5 Ba2 58. b7 Bb3 59. b8R Bf7 60. a6 Ba2 61. a7 Be6 62. a8R Bf7 63. Rcc8 Be6 64. Rc7+ Kg6 65. Rb6 Kf5 66. Rxe6 Kg4 67. Re4+ Kf5 68. Rf7+ Kg6 69. Rf3 Kh5 70. Rg8 Kh6 71. Rgg3 1-0

[Event "Titled Tuesday intern op 14th Jan Early"]
[Site "Chess.com INT"]
[Date "2025.01.14"]
[Round "10"]
[White "Alazmi, Amani"]
[Black "Kostiukov, Alexandr"]
[Result "0-1"]
[WhiteElo "1648"]
[BlackElo "2271"]
[PlyCount "118"]
[EventDate "2025.01.14"]
[EventType "swiss (blitz)"]
[EventRounds "11"]
[EventCountry "USA"]
[SourceTitle "CB04_2025"]
[SourceDate "2025.01.22"]
[SourceVersion "1"]
[SourceVersionDate "2025.01.22"]
[SourceQuality "1"]

1. e4 c5 2. Nf3 g6 3. c3 Bg7 4. d4 cxd4 5. cxd4 d5 6. e5 Nc6 7. Nc3 Bg4 8. Bb5 Nh6 9. Bxc6+ bxc6 10. 0-0 0-0 11. Be3 Nf5 12. h3 Bxf3 13. Qxf3 Qb6 14. Na4 Qb4 15. b3 Nxd4 16. Bxd4 Qxd4 17. Rad1 Qxe5 18. Rfe1 Qd6 19. Nc3 Bxc3 20. Qxc3 Rfe8 21. Qe3 e5 22. Qh6 e4 23. Re3 Re6 24. Rg3 Rae8 25. h4 Re5 26. h5 Rxh5 27. Qxh5 Qxg3 28. Qxh7+ Kxh7 29. fxg3 f5 30. Rc1 Re6 31. Kf2 d4 32. Rh1+ Kg7 33. Rc1 Kf6 34. Rc4 Ke5 35. Rc5+ Kd6 36. Ra5 Re7 37. Ke2 d3+ 38. Ke3 Rh7 39. Ra6 Rh1 40. Rxa7 Re1+ 41. Kd2 Re2+ 42. Kd1 e3 43. Ra8 Rd2+ 44. Ke1 Kd5 45. Rd8+ Ke4 46. Re8+ Kd4 47. Rd8+ Kc3 48. Rd6 Rxg2 49. Rxc6+ Kb2 50. Kf1 Rf2+ 51. Kg1 d2 52. Rd6 Kc1 53. Rc6+ Kd1 54. b4 f4 55. gxf4 Rxf4 56. b5 e2 57. Re6 e1Q+ 58. Rxe1+ dxe1Q+ 59. Kg2 Qe3 0-1

[Event "Titled Tuesday intern op 14th Jan Early"]
[Site "Chess.com INT"]
[Date "2025.01.14"]
[Round "11"]
[White "Meszaros, Gyorgy"]
[Black "Alazmi, Amani"]
[Result "0-1"]
[WhiteElo "2200"]
[BlackElo "1648"]
[PlyCount "116"]
[EventDate "2025.01.14"]
[EventType "swiss (blitz)"]
[EventRounds "11"]
[EventCountry "USA"]
[SourceTitle "CB04_2025"]
[SourceDate "2025.01.22"]
[SourceVersion "1"]
[SourceVersionDate "2025.01.22"]
[SourceQuality "1"]

1. e4 e6 2. Nc3 d5 3. d3 d4 4. Nce2 c5 5. f4 Nc6 6. Nf3 g6 7. h4 h5 8. g3 Bg7 9. Bh3 Nge7 10. 0-0 0-0 11. c3 b6 12. cxd4 cxd4 13. b3 Ba6 14. Ba3 Re8 15. Qd2 f5 16. e5 Rb8 17. Ng5 Nd5 18. Bg2 Bh6 19. Nf3 Ne3 20. Rfc1 Na5 21. Nexd4 Nxg2 22. Kxg2 Bf8 23. Bxf8 Kxf8 24. Kh3 Bb7 25. Qb4+ Kg8 26. Rc3 Rc8 27. Rac1 Rxc3 28. Rxc3 Qd5 29. Kh2 Nc6 30. Qc4 Nxd4 31. Qxd5 Nxf3+ 32. Qxf3 Bxf3 33. Rc7 Ra8 34. Kg1 Bd5 35. Kf2 Kf8 36. Ke3 Ke8 37. Rg7 a5 38. Rxg6 Kd7 39. Rh6 Rg8 40. Kf2 Kc6 41. Rxh5 Kc5 42. Rg5 Rh8 43. h5 Kd4 44. Ke2 b5 45. Kd2 a4 46. bxa4 bxa4 47. a3 Kc5 48. Kc3 Bb3 49. d4+ Kd5 50. Kd3 Bc4+ 51. Ke3 Bb3 52. Kf3 Kxd4 53. g4 Bd1+ 54. Kg3 Bxg4 55. Rg6 Kd5 56. Rg7 Rxh5 57. Rd7+ Kc4 58. Rd6 Rh3+ 0-1

[Event "Kuwait op 1st"]
[Site "Kuwait City"]
[Date "2025.01.10"]
[Round "6"]
[White "Alazmi, Amani"]
[Black "Habboosh, O."]
[Result "1/2-1/2"]
[WhiteElo "1648"]
[BlackElo "1893"]
[PlyCount "108"]
[EventDate "2025.01.05"]
[EventType "swiss"]
[EventRounds "9"]
[EventCountry "KUW"]
[SourceTitle "CB03_2025"]
[SourceDate "2025.01.15"]
[SourceVersion "1"]
[SourceVersionDate "2025.01.15"]
[SourceQuality "1"]

1. c4 e5 2. g3 Nf6 3. Bg2 d5 4. cxd5 Nxd5 5. Nc3 Be6 6. Nf3 Nc6 7. d3 h6 8. 0-0 Qd7 9. Bd2 Bd6 10. Nb5 a6 11. Nxd6+ cxd6 12. a3 Bh3 13. e4 Bxg2 14. Kxg2 Nde7 15. Rc1 0-0 16. Ng1 d5 17. f4 dxe4 18. dxe4 Qd4 19. Qc2 Rac8 20. Bc3 Qb6 21. Qf2 Qxf2+ 22. Rxf2 Rfd8 23. Rcf1 f6 24. Nf3 Ng6 25. f5 Nf8 26. h4 Nd7 27. Re1 Nc5 28. Re3 Na4 29. b4 Kf7 30. g4 Ke7 31. g5 Nxc3 32. Rxc3 Nd4 33. Rxc8 Rxc8 34. Nxd4 exd4 35. gxh6 gxh6 36. Rd2 Rc4 37. Kf3 Kd6 38. Kf4 a5 39. bxa5 Kc5 40. e5 d3+ 41. Ke3 fxe5 42. Rxd3 Rxh4 43. Rd7 Kc6 44. Rh7 Kd5 45. Rxb7 Rh3+ 46. Ke2 Rxa3 47. Rb5+ Ke4 48. f6 Ra2+ 49. Ke1 Ra1+ 50. Kf2 Ra2+ 51. Kg3 Ra3+ 52. Kg4 h5+ 53. Kxh5 Kf5 54. Kh4 Kxf6 1/2-1/2

[Event "Olympiad Women-45"]
[Site "Budapest"]
[Date "2024.09.18"]
[Round "7.1"]
[White "Nahed Salah, Siddig Jalab"]
[Black "Alazmi, Amani"]
[Result "0-1"]
[WhiteElo "1693"]
[BlackElo "1673"]
[PlyCount "88"]
[EventDate "2024.09.11"]
[EventType "team-swiss"]
[EventRounds "11"]
[EventCountry "HUN"]
[SourceTitle "EXT 2025"]
[Source "ChessBase"]
[SourceDate "2024.10.14"]
[SourceVersion "1"]
[SourceVersionDate "2024.10.14"]
[SourceQuality "1"]
[WhiteTeam "Sudan (W)"]
[BlackTeam "Kuwait (W)"]
[WhiteTeamCountry "SUD"]
[BlackTeamCountry "KUW"]

1. Nf3 d5 2. d4 Nf6 3. g3 e6 4. Bg2 c5 5. c4 Nc6 6. cxd5 exd5 7. Nc3 cxd4 8. Nxd4 Be7 9. Bf4 Qb6 10. Ndb5 0-0 11. Nc7 Qxb2 12. N3xd5 Nxd5 13. Nxd5 Bb4+ 14. Nxb4 Qxb4+ 15. Bd2 Qe7 16. e4 Rd8 17. 0-0 Be6 18. Qc2 Nd4 19. Qb2 Rac8 20. Be3 Nc2 21. Rab1 Nxe3 22. fxe3 b6 23. Rbd1 Qc5 24. Qf2 Qa5 25. Qf4 Rxd1 26. Rxd1 Qxa2 27. Qc7 h6 28. Rd8+ Rxd8 29. Qxd8+ Kh7 30. Qd3 Bc4 31. Qd1 Qe2 32. Qc1 a5 33. h4 b5 34. Qa3 a4 35. e5 Qd3 36. Qc5 a3 37. e6 fxe6 38. Qe5 Bd5 39. e4 Bc4 40. Kh2 a2 41. h5 Qd1 42. Bh3 a1Q 43. Bf5+ exf5 44. Qxf5+ Kh8 0-1